[Event "Memorial Kurnosova 2017"]
[Site "?"]
[Date "2017.09.10"]
[Round "10.6"]
[White "Bocharov, Dmitry"]
[Black "Khanin, Semen"]
[Result "0-1"]
[LiveChessVersion "1.4.8"]
[BlackElo "2415"]
[WhiteElo "2611"]

1. Nf3 {[%clk 0:14:09]} Nf6 {[%clk 0:15:18]} 2. c4 {[%clk 0:14:17]} e6
{[%clk 0:15:24]} 3. g3 {[%clk 0:14:21]} b6 {[%clk 0:15:32]} 4. Bg2
{[%clk 0:14:23]} Bb7 {[%clk 0:15:40]} 5. d4 {[%clk 0:14:23]} Be7 {[%clk 0:15:45]}
6. O-O {[%clk 0:14:29]} O-O {[%clk 0:15:52]} 7. Re1 {[%clk 0:13:55]} d5
{[%clk 0:15:58]} 8. cxd5 {[%clk 0:13:52]} exd5 {[%clk 0:16:05]} 9. Nc3
{[%clk 0:13:29]} Nbd7 {[%clk 0:15:51]} 10. b3 {[%clk 0:12:51]} Ne4
{[%clk 0:14:26]} 11. Bb2 {[%clk 0:12:52]} Ndf6 {[%clk 0:12:48]} 12. Qc2
{[%clk 0:12:27]} c5 {[%clk 0:12:32]} 13. Rac1 {[%clk 0:10:13]} Ng4
{[%clk 0:11:59]} 14. Rf1 {[%clk 0:07:10]} cxd4 {[%clk 0:12:05]} 15. Nxe4
{[%clk 0:06:44]} dxe4 {[%clk 0:12:11]} 16. Nxd4 {[%clk 0:06:51]} Rc8
{[%clk 0:12:02]} 17. Qb1 {[%clk 0:06:59]} Rxc1 {[%clk 0:12:06]} 18. Rxc1
{[%clk 0:06:48]} Bc5 {[%clk 0:11:31]} 19. e3 {[%clk 0:06:42]} Qf6
{[%clk 0:10:42]} 20. Qc2 {[%clk 0:05:35]} Qh6 {[%clk 0:10:48]} 21. Nf5
{[%clk 0:04:59]} Qxh2+ {[%clk 0:10:54]} 22. Kf1 {[%clk 0:05:08]} Ba6+
{[%clk 0:10:57]} 0-1

[Event "Memorial Kurnosova 2017"]
[Site "?"]
[Date "2017.09.10"]
[Round "10.7"]
[White "Khegay, Dmitriy"]
[Black "Yudin, Sergei"]
[Result "1/2-1/2"]
[LiveChessVersion "1.4.8"]
[BlackElo "2610"]
[WhiteElo "2524"]

1. e4 {[%clk 0:14:55]} d6 {[%clk 0:15:18]} 2. d4 {[%clk 0:15:00]} Nf6
{[%clk 0:15:26]} 3. Nc3 {[%clk 0:15:09]} g6 {[%clk 0:15:34]} 4. Be3
{[%clk 0:14:52]} c6 {[%clk 0:15:33]} 5. h3 {[%clk 0:12:27]} Bg7 {[%clk 0:15:22]}
6. Nf3 {[%clk 0:12:33]} O-O {[%clk 0:15:24]} 7. a4 {[%clk 0:12:40]} Qc7
{[%clk 0:15:27]} 8. a5 {[%clk 0:11:22]} Nbd7 {[%clk 0:15:05]} 9. Qd2
{[%clk 0:09:57]} Rb8 {[%clk 0:14:47]} 10. Be2 {[%clk 0:08:06]} b5
{[%clk 0:14:36]} 11. axb6 {[%clk 0:08:14]} axb6 {[%clk 0:14:40]} 12. O-O
{[%clk 0:05:10]} b5 {[%clk 0:14:16]} 13. b4 {[%clk 0:05:19]} Nb6 {[%clk 0:12:23]}
14. Bh6 {[%clk 0:04:34]} Be6 {[%clk 0:11:35]} 15. Bxg7 {[%clk 0:04:33]} Kxg7
{[%clk 0:11:43]} 16. Rfe1 {[%clk 0:04:02]} Bc4 {[%clk 0:10:37]} 17. e5
{[%clk 0:04:10]} Nfd5 {[%clk 0:10:37]} 18. Ne4 {[%clk 0:03:22]} Bxe2
{[%clk 0:10:44]} 19. Rxe2 {[%clk 0:03:29]} Nc4 {[%clk 0:10:46]} 20. Qg5
{[%clk 0:03:14]} h6 {[%clk 0:07:41]} 21. Qg3 {[%clk 0:03:10]} dxe5
{[%clk 0:06:42]} 22. dxe5 {[%clk 0:02:55]} Ra8 {[%clk 0:06:46]} 23. Rae1
{[%clk 0:02:56]} Ra3 {[%clk 0:06:54]} 24. h4 {[%clk 0:02:05]} Kh8
{[%clk 0:05:37]} 25. h5 {[%clk 0:01:07]} Rg8 {[%clk 0:05:42]} 26. e6
{[%clk 0:01:16]} Qxg3 27. Nxg3 {[%clk 0:01:25]} f5 {[%clk 0:02:57]} 28. hxg6
{[%clk 0:01:28]} f4 {[%clk 0:03:05]} 29. Nf5 {[%clk 0:01:00]} Rxg6
{[%clk 0:03:13]} 30. Ne5 {[%clk 0:00:38]} Nxe5 {[%clk 0:02:55]} 31. Rxe5
{[%clk 0:00:47]} Rg5 {[%clk 0:02:29]} 32. Rxd5 {[%clk 0:00:31]} cxd5
{[%clk 0:02:36]} 33. Nxe7 {[%clk 0:00:39]} Ra8 {[%clk 0:02:22]} 34. f3
{[%clk 0:00:33]} Kg7 {[%clk 0:01:14]} 35. Nc6 {[%clk 0:00:42]} Kf6
{[%clk 0:01:22]} 36. e7 {[%clk 0:00:22]} Re8 {[%clk 0:00:59]} 37. Kf1
{[%clk 0:00:31]} Rgg8 {[%clk 0:01:01]} 38. Re2 {[%clk 0:00:22]} Kf7
{[%clk 0:00:38]} 39. Nd8+ {[%clk 0:00:22]} Kf6 {[%clk 0:00:42]} 40. Nc6
{[%clk 0:00:30]} h5 {[%clk 0:00:44]} 41. Ke1 {[%clk 0:00:35]} Rc8
{[%clk 0:00:47]} 42. Na7 {[%clk 0:00:34]} Rb8 {[%clk 0:00:26]} 43. Nxb5
{[%clk 0:00:19]} Rxb5 {[%clk 0:00:17]} 44. e8=Q {[%clk 0:00:27]} Rxe8
{[%clk 0:00:25]} 45. Rxe8 {[%clk 0:00:35]} Rxb4 {[%clk 0:00:34]} 46. Rd8
{[%clk 0:00:36]} Rb5 {[%clk 0:00:15]} 47. Kd2 {[%clk 0:00:39]} Kg5
{[%clk 0:00:19]} 48. Rg8+ {[%clk 0:00:36]} Kh4 {[%clk 0:00:25]} 49. Kd3
{[%clk 0:00:39]} Rb2 {[%clk 0:00:32]} 50. Rg7 {[%clk 0:00:26]} Ra2
{[%clk 0:00:39]} 51. Rg8 {[%clk 0:00:19]} Rb2 {[%clk 0:00:48]} 52. Rg7
{[%clk 0:00:23]} Ra2 {[%clk 0:00:56]} 53. Kc3 {[%clk 0:00:30]} Ra4
{[%clk 0:01:01]} 54. Kd3 {[%clk 0:00:25]} Ra2 {[%clk 0:01:01]} 55. c3
{[%clk 0:00:30]} Ra4 {[%clk 0:00:48]} 56. Rg8 {[%clk 0:00:38]} Ra2
{[%clk 0:00:19]} 57. Kd4 {[%clk 0:00:45]} Rc2 {[%clk 0:00:24]} 58. Ke5
{[%clk 0:00:30]} Rxc3 {[%clk 0:00:26]} 59. Kxf4 {[%clk 0:00:39]} d4
{[%clk 0:00:13]} 60. g4 {[%clk 0:00:24]} Rc7 {[%clk 0:00:14]} 61. Rh8
{[%clk 0:00:18]} Rf7+ {[%clk 0:00:22]} 62. Ke4 {[%clk 0:00:27]} Kg3
{[%clk 0:00:25]} 63. Rxh5 {[%clk 0:00:27]} Rf4+ {[%clk 0:00:29]} 64. Kd3
{[%clk 0:00:30]} Rxf3+ {[%clk 0:00:37]} 65. Kxd4 {[%clk 0:00:39]} 1/2-1/2

[Event "Memorial Kurnosova 2017"]
[Site "?"]
[Date "2017.09.10"]
[Round "10.9"]
[White "Drygalov, Andrey"]
[Black "Potapov, Pavel"]
[Result "1/2-1/2"]
[LiveChessVersion "1.4.8"]
[BlackElo "2527"]
[WhiteElo "2392"]

1. e4 {[%clk 0:15:18]} c5 {[%clk 0:15:18]} 2. Nf3 {[%clk 0:15:27]} Nc6
{[%clk 0:15:27]} 3. Bb5 {[%clk 0:15:36]} g6 {[%clk 0:15:34]} 4. Bxc6
{[%clk 0:15:44]} bxc6 {[%clk 0:15:41]} 5. O-O {[%clk 0:15:53]} Bg7
{[%clk 0:15:49]} 6. Re1 {[%clk 0:16:01]} Rb8 {[%clk 0:15:37]} 7. c3
{[%clk 0:15:41]} Nf6 {[%clk 0:15:10]} 8. d3 {[%clk 0:14:48]} O-O {[%clk 0:15:08]}
9. b3 {[%clk 0:14:04]} d6 {[%clk 0:15:06]} 10. Bb2 {[%clk 0:12:07]} e5
{[%clk 0:13:22]} 11. d4 {[%clk 0:10:55]} cxd4 {[%clk 0:13:17]} 12. cxd4
{[%clk 0:11:04]} exd4 {[%clk 0:13:18]} 13. Qxd4 {[%clk 0:10:00]} c5
{[%clk 0:12:27]} 14. Qd2 {[%clk 0:09:52]} Bb7 {[%clk 0:11:47]} 15. e5
{[%clk 0:06:58]} Ng4 {[%clk 0:07:41]} 16. exd6 {[%clk 0:06:02]} Bxb2
{[%clk 0:07:39]} 17. Qxb2 {[%clk 0:06:09]} Bxf3 {[%clk 0:05:59]} 18. gxf3
{[%clk 0:06:17]} Qh4 {[%clk 0:05:15]} 19. fxg4 {[%clk 0:04:16]} Qxg4+
{[%clk 0:05:23]} 20. Kf1 {[%clk 0:03:50]} 1/2-1/2

[Event "Memorial Kurnosova 2017"]
[Site "?"]
[Date "2017.09.10"]
[Round "10.10"]
[White "Lysyj, Igor"]
[Black "Shariyazdanov, Andrey"]
[Result "1-0"]
[LiveChessVersion "1.4.8"]
[BlackElo "2472"]
[WhiteElo "2667"]

1. d4 {[%clk 0:15:19]} e6 {[%clk 0:15:19]} 2. c4 {[%clk 0:15:26]} f5
{[%clk 0:15:28]} 3. Nf3 {[%clk 0:15:32]} Nf6 {[%clk 0:15:37]} 4. g3
{[%clk 0:15:41]} d5 {[%clk 0:15:44]} 5. Bf4 {[%clk 0:15:48]} c6 {[%clk 0:15:34]}
6. Bg2 {[%clk 0:15:56]} Be7 {[%clk 0:15:42]} 7. O-O {[%clk 0:16:04]} O-O
{[%clk 0:15:50]} 8. Qc2 {[%clk 0:16:10]} Ne4 {[%clk 0:15:26]} 9. Nc3
{[%clk 0:16:09]} Nd7 {[%clk 0:15:27]} 10. Rad1 {[%clk 0:16:09]} g5
{[%clk 0:14:34]} 11. Bc1 {[%clk 0:16:09]} h6 {[%clk 0:14:26]} 12. Nxe4
{[%clk 0:15:07]} fxe4 {[%clk 0:14:24]} 13. Ne1 {[%clk 0:15:09]} Kg7
{[%clk 0:11:54]} 14. f3 {[%clk 0:15:04]} exf3 {[%clk 0:11:59]} 15. Nxf3
{[%clk 0:15:12]} Qe8 {[%clk 0:11:55]} 16. e4 {[%clk 0:12:34]} Qg6
{[%clk 0:11:46]} 17. Rde1 {[%clk 0:11:22]} Bf6 {[%clk 0:08:12]} 18. Qe2
{[%clk 0:06:57]} dxc4 {[%clk 0:08:01]} 19. Qxc4 {[%clk 0:05:45]} e5
{[%clk 0:08:09]} 20. Be3 {[%clk 0:05:54]} Qe8 {[%clk 0:03:42]} 21. dxe5
{[%clk 0:04:59]} Nxe5 {[%clk 0:03:45]} 22. Nxe5 {[%clk 0:05:07]} Qxe5
{[%clk 0:03:47]} 23. Rxf6 {[%clk 0:05:09]} Rxf6 {[%clk 0:03:46]} 24. Bd4
{[%clk 0:05:18]} Qe6 {[%clk 0:03:55]} 25. Qb4 {[%clk 0:03:58]} a5
{[%clk 0:02:56]} 26. Qc5 {[%clk 0:03:12]} Bd7 {[%clk 0:02:43]} 27. Rf1
{[%clk 0:03:04]} Raf8 {[%clk 0:02:52]} 28. Qxf8+ {[%clk 0:03:12]} 1-0

[Event "Memorial Kurnosova 2017"]
[Site "?"]
[Date "2017.09.12"]
[Round "11.1"]
[White "Gunina, Valentina"]
[Black "Riazantsev, Alexander"]
[Result "1/2-1/2"]
[LiveChessVersion "1.4.8"]
[BlackElo "2703"]
[WhiteElo "2528"]

1. e4 {[%clk 0:15:17]} e6 {[%clk 0:15:10]} 2. d4 {[%clk 0:15:21]} d5
{[%clk 0:15:19]} 3. exd5 {[%clk 0:15:29]} exd5 {[%clk 0:15:27]} 4. Nf3
{[%clk 0:15:38]} Nc6 {[%clk 0:15:06]} 5. Bb5 {[%clk 0:15:46]} Bd6
{[%clk 0:15:14]} 6. c4 {[%clk 0:15:35]} dxc4 {[%clk 0:15:16]} 7. d5
{[%clk 0:15:38]} a6 {[%clk 0:15:25]} 8. Ba4 {[%clk 0:15:47]} b5 {[%clk 0:15:35]}
9. dxc6 {[%clk 0:15:55]} bxa4 {[%clk 0:15:44]} 10. O-O {[%clk 0:15:30]} Ne7
{[%clk 0:15:10]} 11. Qxa4 {[%clk 0:15:08]} O-O {[%clk 0:14:41]} 12. Nbd2
{[%clk 0:14:07]} Rb8 {[%clk 0:12:10]} 13. a3 {[%clk 0:13:47]} Qe8
{[%clk 0:08:27]} 14. Nxc4 {[%clk 0:10:16]} Qxc6 {[%clk 0:08:36]} 15. Qxc6
{[%clk 0:10:25]} Nxc6 {[%clk 0:08:45]} 1/2-1/2

[Event "Memorial Kurnosova 2017"]
[Site "?"]
[Date "2017.09.12"]
[Round "11.3"]
[White "Khanin, Semen"]
[Black "Bocharov, Ivan"]
[Result "1-0"]
[LiveChessVersion "1.4.8"]
[BlackElo "2590"]
[WhiteElo "2415"]

1. e4 {[%clk 0:15:18]} e5 {[%clk 0:15:19]} 2. Nf3 {[%clk 0:15:25]} Nc6
{[%clk 0:15:28]} 3. Bb5 {[%clk 0:15:33]} a6 {[%clk 0:15:37]} 4. Ba4
{[%clk 0:15:41]} Nf6 {[%clk 0:15:46]} 5. O-O {[%clk 0:15:48]} Be7
{[%clk 0:15:55]} 6. Re1 {[%clk 0:15:56]} b5 {[%clk 0:16:04]} 7. Bb3
{[%clk 0:16:04]} d6 {[%clk 0:16:13]} 8. c3 {[%clk 0:16:12]} O-O {[%clk 0:16:20]}
9. h3 {[%clk 0:16:20]} Re8 {[%clk 0:16:27]} 10. d4 {[%clk 0:16:22]} Bb7
{[%clk 0:16:35]} 11. Nbd2 {[%clk 0:16:30]} Bf8 {[%clk 0:16:43]} 12. a3
{[%clk 0:16:27]} h6 {[%clk 0:16:46]} 13. Bc2 {[%clk 0:15:50]} Nb8
{[%clk 0:16:17]} 14. b3 {[%clk 0:14:55]} Nbd7 {[%clk 0:15:59]} 15. Bb2
{[%clk 0:15:03]} g6 {[%clk 0:15:28]} 16. Bd3 {[%clk 0:15:07]} Nb6
{[%clk 0:10:35]} 17. Qc2 {[%clk 0:14:41]} c5 {[%clk 0:10:20]} 18. dxc5
{[%clk 0:14:39]} dxc5 {[%clk 0:10:29]} 19. c4 {[%clk 0:14:48]} bxc4
{[%clk 0:10:00]} 20. Nxc4 {[%clk 0:14:55]} Nxc4 {[%clk 0:10:06]} 21. Bxc4
{[%clk 0:14:55]} Qc7 {[%clk 0:10:00]} 22. Rad1 {[%clk 0:14:47]} Bg7
{[%clk 0:09:42]} 23. Bc3 {[%clk 0:10:56]} Re7 {[%clk 0:09:30]} 24. Bd3
{[%clk 0:10:21]} Rd8 {[%clk 0:09:22]} 25. Nd2 {[%clk 0:10:30]} Red7
{[%clk 0:08:55]} 26. Nc4 {[%clk 0:08:37]} Re8 {[%clk 0:08:48]} 27. Ba5
{[%clk 0:07:38]} Qc6 {[%clk 0:08:18]} 28. f3 {[%clk 0:06:27]} Nh5
{[%clk 0:08:10]} 29. Bf1 {[%clk 0:06:28]} Rd4 {[%clk 0:07:47]} 30. Bc3
{[%clk 0:06:26]} Nf4 {[%clk 0:06:54]} 31. Na5 {[%clk 0:06:11]} Qb6
{[%clk 0:06:55]} 32. Bxd4 {[%clk 0:06:01]} cxd4 {[%clk 0:06:43]} 33. Nxb7
{[%clk 0:06:08]} Qxb7 {[%clk 0:06:43]} 34. Rc1 {[%clk 0:06:02]} a5
{[%clk 0:04:53]} 35. Qc7 {[%clk 0:05:41]} Re7 {[%clk 0:04:22]} 36. Qxa5
{[%clk 0:04:43]} Bf6 {[%clk 0:04:28]} 37. Qa6 {[%clk 0:04:19]} d3
{[%clk 0:04:24]} 38. Qxb7 {[%clk 0:03:46]} Rxb7 {[%clk 0:04:33]} 39. Rc3
{[%clk 0:03:52]} Bh4 {[%clk 0:04:20]} 40. Rb1 {[%clk 0:01:52]} Rd7
{[%clk 0:04:27]} 41. Bxd3 {[%clk 0:01:12]} Rxd3 {[%clk 0:03:12]} 42. Rxd3
{[%clk 0:01:21]} Nxd3 {[%clk 0:03:21]} 43. b4 {[%clk 0:01:27]} Kf8
{[%clk 0:03:25]} 44. a4 {[%clk 0:00:34]} Be7 {[%clk 0:02:51]} 45. b5
{[%clk 0:00:43]} Bc5+ {[%clk 0:03:00]} 46. Kf1 {[%clk 0:00:51]} Bb6
{[%clk 0:03:09]} 47. a5 {[%clk 0:00:33]} Bxa5 {[%clk 0:03:17]} 48. b6
{[%clk 0:00:42]} Bxb6 {[%clk 0:02:51]} 49. Rxb6 {[%clk 0:00:51]} Ke7
{[%clk 0:02:57]} 50. Rb5 {[%clk 0:00:59]} Ke6 {[%clk 0:02:16]} 51. g3
{[%clk 0:01:08]} Nc1 {[%clk 0:02:19]} 52. Ke1 {[%clk 0:01:15]} Kd6
{[%clk 0:02:17]} 53. Kd2 {[%clk 0:01:23]} Kc6 {[%clk 0:02:24]} 54. Rb2
{[%clk 0:01:31]} 1-0

[Event "Memorial Kurnosova 2017"]
[Site "?"]
[Date "2017.09.12"]
[Round "11.4"]
[White "Potapov, Pavel"]
[Black "Movsesian, Sergei"]
[Result "1/2-1/2"]
[LiveChessVersion "1.4.8"]
[BlackElo "2712"]
[WhiteElo "2527"]

1. e4 {[%clk 0:15:18]} c5 {[%clk 0:15:19]} 2. c3 {[%clk 0:15:25]} Nf6
{[%clk 0:15:26]} 3. e5 {[%clk 0:15:33]} Nd5 {[%clk 0:15:35]} 4. Bc4
{[%clk 0:15:39]} e6 {[%clk 0:15:38]} 5. Nf3 {[%clk 0:15:46]} d6 {[%clk 0:15:40]}
6. d4 {[%clk 0:15:53]} cxd4 {[%clk 0:15:46]} 7. cxd4 {[%clk 0:16:01]} Be7
{[%clk 0:15:54]} 8. O-O {[%clk 0:16:07]} O-O {[%clk 0:15:59]} 9. Qe2
{[%clk 0:16:14]} Nc6 {[%clk 0:15:40]} 10. Rd1 {[%clk 0:16:19]} Na5
{[%clk 0:15:48]} 11. b3 {[%clk 0:16:14]} Bd7 {[%clk 0:15:45]} 12. Bxd5
{[%clk 0:16:03]} exd5 {[%clk 0:15:54]} 13. Nc3 {[%clk 0:16:06]} Be6
{[%clk 0:15:32]} 14. Ba3 {[%clk 0:16:00]} a6 {[%clk 0:15:08]} 15. Bxd6
{[%clk 0:14:50]} Bxd6 {[%clk 0:15:16]} 16. exd6 {[%clk 0:14:58]} Qxd6
{[%clk 0:15:08]} 17. Ne5 {[%clk 0:14:53]} Rfe8 {[%clk 0:14:27]} 18. Qf3
{[%clk 0:14:35]} Rac8 {[%clk 0:14:11]} 19. Rac1 {[%clk 0:14:22]} f6
{[%clk 0:13:41]} 20. Nd3 {[%clk 0:14:04]} Bf7 {[%clk 0:13:46]} 21. Qf4
{[%clk 0:12:59]} Qa3 {[%clk 0:13:27]} 22. Qd2 {[%clk 0:11:00]} Nc6
{[%clk 0:11:25]} 23. Nf4 {[%clk 0:09:38]} Qd6 {[%clk 0:10:47]} 24. f3
{[%clk 0:08:58]} Re7 {[%clk 0:10:28]} 25. Re1 {[%clk 0:07:18]} Rxe1+
{[%clk 0:06:37]} 26. Rxe1 {[%clk 0:07:27]} Qb4 {[%clk 0:06:45]} 27. Rd1
{[%clk 0:07:17]} Ne7 {[%clk 0:05:43]} 28. Na4 {[%clk 0:06:47]} Qd6
{[%clk 0:05:11]} 29. Nc5 {[%clk 0:06:16]} b6 {[%clk 0:04:46]} 30. Nxa6
{[%clk 0:05:20]} Nc6 {[%clk 0:04:54]} 31. b4 {[%clk 0:05:25]} Ra8
{[%clk 0:05:03]} 32. b5 {[%clk 0:05:22]} Na5 {[%clk 0:05:12]} 33. Nd3
{[%clk 0:04:28]} Nc4 {[%clk 0:05:15]} 34. Qb4 {[%clk 0:03:53]} Qd7
{[%clk 0:05:20]} 35. Re1 {[%clk 0:03:47]} Nd6 {[%clk 0:03:04]} 36. a4
{[%clk 0:03:46]} Rc8 {[%clk 0:03:13]} 37. Qd2 {[%clk 0:03:30]} Rc4
{[%clk 0:02:41]} 38. Nb2 {[%clk 0:03:31]} Rc8 {[%clk 0:02:48]} 39. Nd3
{[%clk 0:03:13]} Nf5 {[%clk 0:02:02]} 40. Ndb4 {[%clk 0:02:43]} Rc4
{[%clk 0:02:11]} 41. Nc6 {[%clk 0:02:51]} g5 {[%clk 0:02:19]} 42. a5
{[%clk 0:02:22]} bxa5 {[%clk 0:02:25]} 43. Nc5 {[%clk 0:02:28]} Qd6
{[%clk 0:02:27]} 44. Qxa5 {[%clk 0:01:50]} Nxd4 {[%clk 0:02:03]} 45. Qa8+
{[%clk 0:01:49]} Kg7 {[%clk 0:02:11]} 46. Nb7 {[%clk 0:01:51]} Qf4
{[%clk 0:02:00]} 47. Nxd4 {[%clk 0:00:55]} Qxd4+ {[%clk 0:01:51]} 48. Kh1
{[%clk 0:01:03]} Qf2 {[%clk 0:00:34]} 49. Rg1 {[%clk 0:00:50]} Qb6
{[%clk 0:00:19]} 50. Qa6 {[%clk 0:00:43]} Qxa6 {[%clk 0:00:12]} 51. bxa6
{[%clk 0:00:52]} Ra4 {[%clk 0:00:20]} 52. Nc5 Ra5 53. Rc1 {[%clk 0:00:59]} d4
{[%clk 0:00:29]} 54. Kg1 {[%clk 0:01:06]} Kg6 {[%clk 0:00:35]} 55. Rc2
{[%clk 0:00:57]} h5 {[%clk 0:00:28]} 56. Kf2 {[%clk 0:01:06]} h4 {[%clk 0:00:37]}
57. g3 {[%clk 0:00:55]} Kf5 {[%clk 0:00:41]} 58. Ke2 {[%clk 0:00:38]} Ra3
{[%clk 0:00:41]} 59. g4+ {[%clk 0:00:18]} Ke5 {[%clk 0:00:39]} 60. Nd3+
{[%clk 0:00:18]} Kd6 {[%clk 0:00:42]} 61. Nb4 {[%clk 0:00:21]} Be8
{[%clk 0:00:46]} 62. Rc8 {[%clk 0:00:19]} Bb5+ {[%clk 0:00:48]} 63. Kd2
{[%clk 0:00:25]} Ra4 {[%clk 0:00:37]} 64. Kc2 {[%clk 0:00:17]} Kd7
{[%clk 0:00:26]} 65. Rb8 {[%clk 0:00:19]} Bxa6 {[%clk 0:00:22]} 66. Kb3
{[%clk 0:00:22]} Ra5 {[%clk 0:00:27]} 67. Rb6 {[%clk 0:00:15]} Be2
{[%clk 0:00:35]} 68. Rxf6 {[%clk 0:00:23]} Ke7 {[%clk 0:00:35]} 69. Rb6
{[%clk 0:00:21]} Bxf3 {[%clk 0:00:34]} 70. Kc4 {[%clk 0:00:31]} Kf7
{[%clk 0:00:29]} 71. Kxd4 {[%clk 0:00:33]} Bxg4 {[%clk 0:00:38]} 72. Nd3
{[%clk 0:00:42]} Kg7 {[%clk 0:00:35]} 73. Ne5 {[%clk 0:00:44]} Bf5
{[%clk 0:00:35]} 74. Nf3 {[%clk 0:00:45]} Bg6 {[%clk 0:00:25]} 75. Ne5
{[%clk 0:00:45]} Bh5 {[%clk 0:00:34]} 76. Rb7+ {[%clk 0:00:52]} Kf6
{[%clk 0:00:30]} 77. Nc4 {[%clk 0:00:34]} Ra2 {[%clk 0:00:19]} 78. Rb6+
{[%clk 0:00:33]} Kg7 {[%clk 0:00:21]} 79. Rb7+ {[%clk 0:00:41]} Kf6
{[%clk 0:00:29]} 80. Rb6+ {[%clk 0:00:50]} Ke7 {[%clk 0:00:39]} 81. Rb7+
{[%clk 0:00:50]} Ke6 {[%clk 0:00:48]} 82. Rb6+ {[%clk 0:00:55]} Kd7
{[%clk 0:00:57]} 83. Rb5 {[%clk 0:00:50]} Rg2 {[%clk 0:00:37]} 84. Ne3
{[%clk 0:00:43]} Rd2+ {[%clk 0:00:18]} 85. Ke4 {[%clk 0:00:42]} Rxh2
{[%clk 0:00:12]} 86. Rxg5 {[%clk 0:00:49]} Be2 {[%clk 0:00:21]} 87. Ng4
{[%clk 0:00:44]} Rh3 {[%clk 0:00:15]} 88. Ne5+ {[%clk 0:00:46]} Ke7
{[%clk 0:00:24]} 89. Kf5 {[%clk 0:00:43]} Rg3 {[%clk 0:00:12]} 90. Ng6+
{[%clk 0:00:50]} Kf7 {[%clk 0:00:20]} 91. Nxh4 {[%clk 0:00:51]} Bd3+
{[%clk 0:00:29]} 92. Kf4 {[%clk 0:01:00]} 1/2-1/2

[Event "Memorial Kurnosova 2017"]
[Site "?"]
[Date "2017.09.12"]
[Round "11.5"]
[White "Khegay, Dmitriy"]
[Black "Lysyj, Igor"]
[Result "1/2-1/2"]
[LiveChessVersion "1.4.8"]
[BlackElo "2667"]
[WhiteElo "2524"]

1. d4 {[%clk 0:15:17]} Nf6 {[%clk 0:15:19]} 2. Nf3 {[%clk 0:15:25]} d5
{[%clk 0:15:28]} 3. c4 {[%clk 0:15:26]} e6 {[%clk 0:15:37]} 4. Nc3
{[%clk 0:15:34]} dxc4 {[%clk 0:15:45]} 5. e4 {[%clk 0:15:12]} Bb4
{[%clk 0:15:52]} 6. Bg5 {[%clk 0:15:21]} h6 {[%clk 0:15:53]} 7. Bxf6
{[%clk 0:15:29]} Qxf6 {[%clk 0:15:59]} 8. Bxc4 {[%clk 0:15:37]} c5
{[%clk 0:15:50]} 9. O-O {[%clk 0:14:28]} cxd4 {[%clk 0:15:52]} 10. e5
{[%clk 0:13:28]} Qd8 {[%clk 0:16:00]} 11. Nxd4 {[%clk 0:13:28]} O-O
{[%clk 0:15:52]} 12. Rc1 {[%clk 0:13:11]} Bd7 {[%clk 0:15:49]} 13. Qb3
{[%clk 0:12:30]} Qb6 {[%clk 0:14:26]} 14. Rfd1 {[%clk 0:11:47]} Bc5
{[%clk 0:12:58]} 15. Qxb6 {[%clk 0:11:34]} Bxb6 {[%clk 0:13:07]} 16. Ndb5
{[%clk 0:11:02]} a6 {[%clk 0:12:45]} 17. Nd6 {[%clk 0:11:07]} Bc6
{[%clk 0:10:55]} 18. Bb3 {[%clk 0:11:16]} Nd7 {[%clk 0:10:42]} 19. Na4
{[%clk 0:09:12]} Bxa4 {[%clk 0:10:28]} 20. Bxa4 {[%clk 0:09:20]} Nxe5
{[%clk 0:10:37]} 21. Nxb7 {[%clk 0:08:41]} Rfc8 {[%clk 0:08:13]} 22. Rxc8+
{[%clk 0:08:45]} Rxc8 {[%clk 0:08:22]} 23. Nd6 {[%clk 0:08:54]} Rd8
{[%clk 0:06:57]} 24. h3 {[%clk 0:07:13]} Kf8 {[%clk 0:06:29]} 25. Kf1
{[%clk 0:06:27]} Ke7 {[%clk 0:06:23]} 26. Ne4 {[%clk 0:06:36]} Bd4
{[%clk 0:05:07]} 27. b4 {[%clk 0:04:49]} f5 {[%clk 0:03:23]} 28. Ng3
{[%clk 0:04:58]} Rd6 {[%clk 0:03:11]} 29. Ke2 {[%clk 0:02:44]} g5
{[%clk 0:03:19]} 30. Nf1 {[%clk 0:02:15]} Bc3 {[%clk 0:02:59]} 31. Rxd6
{[%clk 0:02:17]} Kxd6 {[%clk 0:03:08]} 32. b5 {[%clk 0:02:24]} a5
{[%clk 0:03:18]} 33. Bb3 {[%clk 0:02:08]} f4 {[%clk 0:01:49]} 34. Nh2
{[%clk 0:02:17]} Nd7 {[%clk 0:01:47]} 35. a4 {[%clk 0:01:37]} e5 {[%clk 0:01:26]}
36. Ng4 {[%clk 0:00:34]} h5 {[%clk 0:01:31]} 37. Nh6 {[%clk 0:00:43]} Nc5
{[%clk 0:01:08]} 38. Nf5+ {[%clk 0:00:51]} Kd7 {[%clk 0:01:07]} 39. Bc2
{[%clk 0:01:00]} e4 {[%clk 0:01:13]} 40. Bxe4 {[%clk 0:00:32]} Nxe4 41. Kd3 Nxf2+
{[%clk 0:00:43]} 42. Kxc3 {[%clk 0:00:50]} f3 {[%clk 0:00:52]} 43. gxf3
{[%clk 0:00:53]} Nxh3 {[%clk 0:01:00]} 44. Kd4 {[%clk 0:00:51]} Nf4
{[%clk 0:01:02]} 45. Ke4 {[%clk 0:00:28]} Ne6 {[%clk 0:01:00]} 46. Ne3
{[%clk 0:00:32]} h4 {[%clk 0:00:45]} 47. Kf5 {[%clk 0:00:14]} h3 {[%clk 0:00:42]}
48. Nf1 {[%clk 0:00:16]} Nd4+ {[%clk 0:00:21]} 49. Kg4 {[%clk 0:00:17]} Kd6
{[%clk 0:00:22]} 50. Kxh3 {[%clk 0:00:26]} Nxf3 {[%clk 0:00:31]} 51. Kg4
{[%clk 0:00:35]} Ne5+ {[%clk 0:00:33]} 52. Kxg5 {[%clk 0:00:43]} Nc4
{[%clk 0:00:42]} 53. Kf4 {[%clk 0:00:49]} Nb2 {[%clk 0:00:51]} 54. Nd2
{[%clk 0:00:44]} Nxa4 {[%clk 0:00:59]} 55. Nc4+ {[%clk 0:00:53]} Ke5+ 56. Ke4+
1/2-1/2

[Event "Memorial Kurnosova 2017"]
[Site "?"]
[Date "2017.09.12"]
[Round "11.6"]
[White "Zvjaginsev, Vadim"]
[Black "Drygalov, Andrey"]
[Result "1-0"]
[LiveChessVersion "1.4.8"]
[BlackElo "2392"]
[WhiteElo "2621"]

1. e4 {[%clk 0:15:18]} c5 {[%clk 0:15:19]} 2. Nf3 {[%clk 0:15:27]} e6
{[%clk 0:15:28]} 3. g3 {[%clk 0:15:36]} b6 {[%clk 0:15:26]} 4. Bg2
{[%clk 0:15:33]} Bb7 {[%clk 0:15:35]} 5. Nc3 {[%clk 0:15:42]} Nf6
{[%clk 0:14:50]} 6. e5 {[%clk 0:15:16]} Nd5 {[%clk 0:14:58]} 7. O-O
{[%clk 0:15:11]} d6 {[%clk 0:13:07]} 8. Ne4 {[%clk 0:14:39]} dxe5
{[%clk 0:12:54]} 9. Nxe5 {[%clk 0:14:17]} Qc7 {[%clk 0:12:24]} 10. d4
{[%clk 0:12:58]} cxd4 {[%clk 0:05:52]} 11. Qxd4 {[%clk 0:13:04]} Qxc2
{[%clk 0:05:29]} 12. Nxf7 {[%clk 0:06:43]} Nc6 {[%clk 0:02:50]} 13. Ned6+
{[%clk 0:06:26]} Kd7 {[%clk 0:02:41]} 14. Qc4 {[%clk 0:05:18]} Qxc4
{[%clk 0:02:21]} 15. Nxc4 {[%clk 0:05:26]} Rg8 {[%clk 0:02:27]} 16. Rd1
{[%clk 0:05:24]} Bc5 {[%clk 0:02:04]} 17. Ng5 {[%clk 0:05:13]} Nd4
{[%clk 0:01:34]} 18. Be3 {[%clk 0:03:38]} Nc2 {[%clk 0:00:14]} 19. Bxc5
{[%clk 0:03:46]} Nxa1 {[%clk 0:00:22]} 20. Ne5+ {[%clk 0:03:53]} Ke8
{[%clk 0:00:16]} 21. Bd6 {[%clk 0:02:53]} Rd8 {[%clk 0:00:16]} 22. Ngf7
{[%clk 0:03:02]} Nc2 {[%clk 0:00:11]} 23. Nxd8 {[%clk 0:03:01]} Kxd8
{[%clk 0:00:19]} 24. Be4 {[%clk 0:02:48]} Kc8 {[%clk 0:00:12]} 25. Bxc2
{[%clk 0:02:55]} Rd8 {[%clk 0:00:21]} 26. Ba3 {[%clk 0:02:54]} b5
{[%clk 0:00:30]} 27. Bc5 {[%clk 0:03:01]} Kc7 {[%clk 0:00:35]} 28. Bxh7
{[%clk 0:02:59]} a5 {[%clk 0:00:26]} 29. Be4 {[%clk 0:02:50]} b4 {[%clk 0:00:23]}
30. f3 {[%clk 0:02:59]} Rc8 {[%clk 0:00:24]} 31. Rc1 {[%clk 0:03:06]} Kd8
{[%clk 0:00:26]} 32. Bxd5 {[%clk 0:03:12]} 1-0